<?xml version="1.0" encoding="UTF-8"?>
<marc:record xmlns:marc="http://www.loc.gov/MARC21/slim">
   <marc:leader>00000nam a2200000 a 4500</marc:leader>
   <marc:datafield ind1="1" ind2=" " tag="100">
      <marc:subfield code="a">Margil, Irene</marc:subfield>
      <marc:subfield code="4">aut</marc:subfield>
      <marc:subfield code="e">Verfasser/-in</marc:subfield>
   </marc:datafield>
   <marc:datafield ind1="1" ind2=" " tag="100">
      <marc:subfield code="a">Schlüter, Andreas</marc:subfield>
      <marc:subfield code="4">aut</marc:subfield>
      <marc:subfield code="e">Verfasser/-in</marc:subfield>
   </marc:datafield>
   <marc:datafield ind1="1" ind2=" " tag="100">
      <marc:subfield code="a">Saße, Jan</marc:subfield>
   </marc:datafield>
   <marc:datafield ind1=" " ind2=" " tag="653">
      <marc:subfield code="a">Überraschung</marc:subfield>
   </marc:datafield>
   <marc:datafield ind1="0" ind2="0" tag="245">
      <marc:subfield code="a">Eine große Überraschung</marc:subfield>
   </marc:datafield>
   <marc:datafield ind1="0" ind2="0" tag="245">
      <marc:subfield code="c">Irene Margil/Andreas Schlüter ; mit Illustrationen von Jan Saße</marc:subfield>
   </marc:datafield>
   <marc:datafield ind1=" " ind2="1" tag="264">
      <marc:subfield code="a">Hamburg</marc:subfield>
      <marc:subfield code="b">Carlsen</marc:subfield>
   </marc:datafield>
   <marc:datafield ind1="1" ind2=" " tag="490">
      <marc:subfield code="a">Fußball Academy / Irene Margil</marc:subfield>
      <marc:subfield code="v">Band 3</marc:subfield>
   </marc:datafield>
   <marc:datafield ind1=" " ind2=" " tag="250">
      <marc:subfield code="a">1. Aufl</marc:subfield>
   </marc:datafield>
   <marc:datafield ind1="1" ind2=" " tag="520">
      <marc:subfield code="a">Endlich ein Mädchen-Team an der Fußball Academy! &lt;br/&gt;&lt;br/&gt;Yao und seine Freunde erleben in der Academy jeden Tag Training, Toreschießen und Türenknallen. Immer ist was los. Eines Tages ist das Fußball-Internat plötzlich voller Mädchen. Ein neues Team von jungen Fußballerinnen aus ganz Europa beginnt die Elite-Ausbildung. Und sie sind starke Spielerinnen! Die Jungs sind verunsichert. Sollen sie gegen Mädchen spielen? Können Mädchen eine Mannschaft sein? Schnell lernen sie Amanda, Maike, Nayara und die anderen kennen und respektieren. Eine schöne gemeinsame Zeit beginnt. &lt;br/&gt;&lt;br/&gt;Schulalltag an einer Fußballakademie: spannende Kinderbuchreihe für Fußballfans ab 9 Jahren &lt;br/&gt;&lt;br/&gt;Spannende Geschichten mit vielen Bildern – geeignet für Jungen und Mädchen ab der 3. Klasse &lt;br/&gt;Fußball ist nur für Jungs? Von wegen! Eine Buchreihe über die Unterschiede und Gemeinsamkeiten von Jungen und Mädchen im Fußball. &lt;br/&gt;Freundschaft, Fairness und Teamgefühl - Fußballgeschichten, die zeigen, wie man als Mannschaft zusammenwächst. &lt;br/&gt;Diversität im Internat: An der Fußball Academy trainieren Schüler und Schülerinnen aus aller Welt. &lt;br/&gt; &lt;br/&gt;&lt;br/&gt;***Das dritte Kicker-Abenteuer der Fußball Academy für ballverliebte Jungen und Mädchen ab 9 Jahren*** &lt;br/&gt;&lt;br/&gt;Quelle: thalia.at</marc:subfield>
   </marc:datafield>
   <marc:datafield ind1=" " ind2=" " tag="020">
      <marc:subfield code="a">9783551652089</marc:subfield>
      <marc:subfield code="9">9783551652089</marc:subfield>
   </marc:datafield>
   <marc:datafield ind1=" " ind2=" " tag="041">
      <marc:subfield code="a">ger</marc:subfield>
   </marc:datafield>
   <marc:datafield ind1=" " ind2=" " tag="500">
      <marc:subfield code="a">Erscheinungsjahr 2023</marc:subfield>
   </marc:datafield>
   <marc:datafield ind1="1" ind2=" " tag="521">
      <marc:subfield code="a">0</marc:subfield>
   </marc:datafield>
   <marc:datafield ind1=" " ind2=" " tag="300">
      <marc:subfield code="a">136 Seiten, 7 ungezä</marc:subfield>
   </marc:datafield>
</marc:record>
